Guess the anime - Statistics

General Stats
  • This quiz has been taken 100 times
  • The average score is 13 of 20
Answer Stats
Description Answer % Correct
notebook that kills people Death Note
98%
Giants destroying walls and killing people Attack on Titan
94%
Anime that almost has 1000 episodes One Piece
93%
guy can kill someone with one hit One Punch Man
91%
Demon murders kid's family Demon Slayer
89%
guy eats cursed fingers that give him powers Jujutsu Kaisen
85%
volleyball anime Haikyuu
83%
Kid goes on a journey to find his dad Hunter x Hunter
82%
Kid that has a beast stuck inside of him Naruto
82%
Trash version of Naruto Boruto
80%
Kid can't hear himself playing the piano Your Lie in April
73%
gay friends that love swimming Free
70%
orphans that are stuck in the demon world and used for food The Promised Neverland
63%
Britannia vs Japan Code Geass
59%
A Castle that can fly Howl's moving Castle
49%
guy goes back in time to save his ex girlfriend Tokyo Revengers
45%
Kid follows and try's to kill the guy that killed his father Vinland Saga
28%
Diving club Grand blue
18%
Battle Royale Mirai Nikki
7%
Baseball anime One Outs
4%
No matching quizzes found
Score Distribution
Percent of People with Each Score
Percentile by Number Answered
Your Score History
You have not taken this quiz